MARC details
| 000 -LEADER |
| campo de control de longitud fija |
01166cam a22003255a 4500 |
| 001 - NÚMERO DE CONTROL |
| campo de control |
54573 |
| 005 - FECHA Y HORA DE LA ÚLTIMA TRANSACCIÓN |
| campo de control |
20230410103917.0 |
| 008 - DATOS DE LONGITUD FIJA--INFORMACIÓN GENERAL |
| campo de control de longitud fija |
040916s2006 vm abf b f000 0 eng |
| 010 ## - NÚMERO DE CONTROL DE LA BIBLIOTECA DEL CONGRESO |
| Número de control de LC |
2004349487 |
| 035 ## - NÚMERO DE CONTROL DEL SISTEMA |
| Número de control de sistema |
(OCoLC)ocm56597922 |
| 040 ## - FUENTE DE CATALOGACIÓN |
| Centro catalogador/agencia de origen |
DLC |
| Centro/agencia transcriptor |
DLC |
| Centro/agencia modificador |
OCLCQ |
| 035 ## - NÚMERO DE CONTROL DEL SISTEMA |
| Número de control de sistema |
(OCoLC)56597922 |
| 037 ## - FUENTE DE ADQUISICIÓN |
| Fuente del número de adquisición |
Library of Congress -- Jakarta Overseas Office |
| Condiciones de disponibilidad |
Exchange |
| 042 ## - CÓDIGO DE AUTENTICACIÓN |
| Código de autenticación |
lcode |
| 049 ## - FONDOS LOCALES (OCLC) |
| Biblioteca depositaria |
GRAL |
| 050 14 - SIGNATURA TOPOGRÁFICA DE LA BIBLIOTECA DEL CONGRESO |
| Número de clasificación |
438 DS 557.7 |
| Número de ítem |
V872d 2006 |
| 100 1# - ENTRADA PRINCIPAL--NOMBRE DE PERSONA |
| Nombre de persona |
Vo, Nguyen Giap, |
| Fechas asociadas al nombre |
1912- |
| 245 10 - MENCIÓN DEL TÍTULO |
| Título |
Dien Bien Phu : |
| Resto del título |
la cita de la historia / |
| Mención de responsabilidad, etc. |
Vo Nguyen Giap, redactado con la participación de Huu Mai. |
| 260 ## - PUBLICACIÓN, DISTRIBUCIÓN, ETC. |
| Lugar de publicación, distribución, etc. |
Hanọi : |
| Nombre del editor, distribuidor, etc. |
The Gioi publishers, |
| Fecha de publicación, distribución, etc. |
2006. |
| 300 ## - DESCRIPCIÓN FÍSICA |
| Extensión |
viii, 499p., [29] p. of plates : |
| Otras características físicas |
ill. (1 col.), folded col. maps ; |
| Dimensiones |
21 cm. |
| 490 0# - MENCIÓN DE SERIE |
| Mención de serie |
Memoirs of war |
| 500 ## - NOTA GENERAL |
| Nota general |
tít. original: Dien Bien Phàu |
| 504 ## - NOTA DE BIBLIOGRAFÍA, ETC. |
| Nota de bibliografía, etc. |
Includes bibliographical references. |
| 650 #0 - PUNTO DE ACCESO ADICIONAL DE MATERIA--TÉRMINO DE MATERIA |
| Término de materia o nombre geográfico como elemento de entrada |
Dien Bien Phu, Battle of, Điẹn Bien Phủ, Vietnam, 1954. |
| 650 #0 - PUNTO DE ACCESO ADICIONAL DE MATERIA--TÉRMINO DE MATERIA |
| Término de materia o nombre geográfico como elemento de entrada |
Vietnam War, 1961-1975. |
| 856 42 - LOCALIZACIÓN Y ACCESO ELECTRÓNICOS |
| Materiales especificados |
Más?... busque en WorldCat (solo desde FUNGLODE) |
| Identificador Uniforme de Recursos |
<a href="www.firstsearch.oclc.org/fsip">www.firstsearch.oclc.org/fsip</a> |
| 942 ## - ELEMENTOS DE ENTRADA SECUNDARIOS (KOHA) |
| Fuente del sistema de clasificación o colocación |
Clasificación de Library of Congress |
| Tipo de ítem Koha |
|
| 946 ## - PROCESAMIENTO DE INFORMACIÓN LOCAL (OCLC) |
| a |
mfcruz |
| 994 ## - |
| -- |
C0 |
| -- |
DRFGD |